Κοινωνικοί αγώνες στην Ελλάδα 1923-27 : επαναστατικές εξαγγελίες
Αποθηκεύτηκε σε:
| Κύριος συγγραφέας: | |
|---|---|
| Μορφή: | Βιβλίο |
| Γλώσσα: | Greek |
| Δημοσίευση: |
[χ.τ.] :
Κομμούνα,
1985
|
| Σειρά: | Ιστορική μνήμη ;
; 3 |
| Θέματα: | |
| Ετικέτες: |
Προσθήκη ετικέτας
Δεν υπάρχουν, Καταχωρήστε ετικέτα πρώτοι!
|
MARC
| LEADER | 00000nam a2200000 i 4500 | ||
|---|---|---|---|
| 001 | 1/87020 | ||
| 008 | 960703s1985 gre d | ||
| 035 | |a 1987 |c Αγορά |l 10035130 | ||
| 040 | |a GR-MY-UA |b gre |e aacr | ||
| 041 | 0 | |a gre | |
| 082 | 0 | |a 303.609495 | |
| 100 | 1 | |a Λιβιεράτος, Δημήτρης, |d 1927- | |
| 245 | 1 | 0 | |a Κοινωνικοί αγώνες στην Ελλάδα 1923-27 : |b επαναστατικές εξαγγελίες / |c Δημήτρης Λιβιεράτος |
| 260 | |a [χ.τ.] : |b Κομμούνα, |c 1985 | ||
| 300 | |a 199 σ. | ||
| 490 | 1 | |a Ιστορική μνήμη |v ; 3 | |
| 650 | 0 | 0 | |a Social conflict |z Greece. |
| 650 | 0 | 0 | |a Socialism |z Greece |x History |y 20th century. |
| 651 | 0 | |a Greece |x Social conditions. | |
| 651 | 0 | |a Greece |x History |y 20th century. | |
| 830 | 0 | |a Ιστορική μνήμη ; |v ; 3 | |
| 852 | |a INST |b RHODES |e 19960703 |h 303.609495 ΛΙΒ |p 005400004545 |q 005400004545 |t BK |y 0 | ||
| 909 | |a Ρ |b 006526 |c 1987 | ||